000 00646nam a22001937a 4500
005 20251108164715.0
008 250721s1996 xx 000 0 ara d
082 1 4 _a811.909611/رجا
100 1 _aالنقاش، رجاء
245 1 0 _aأبو القاسم الشابي :
_bشاعر الحب و الثورة : دراسة و مختارات /
264 1 _aالقاهرة :
_bالهيئة المصرية العامة للكتاب،
_c1996.
300 _a160ص
650 1 7 _aالشعر العربي
650 1 7 _aالتاريخ الأدبي
650 1 7 _aالنقد الأدبي
650 1 7 _aتونس
942 _2ddc
_cBK
999 _c12357
_d12357